[Event "New York Open"]
[Site "New York USA"]
[Date "2000.05.06"]
[Round "4"]
[White "Goldin,A"]
[Black "Khenkin,I"]
[Result "0-1"]
[WhiteElo "2566"]
[BlackElo "2622"]

1.d4 d5 2.c4 c6 3.Nf3 Nf6 4.Nc3 e6 5.Bg5 h6 6.Bh4 dxc4 7.e4 g5 8.Bg3 b5 9.Be2 Bb7
10.h4 g4 11.Ne5 h5 12.O-O Nbd7 13.Qc2 Nxe5 14.Bxe5 Bg7 15.Rad1 O-O 16.Bg3 Nd7
17.e5 c5 18.Ne4 Bxe4 19.Qxe4 Qb6 20.d5 exd5 21.Qxd5 Rad8 22.Qe4 Nxe5 23.Bxe5 Qe6
24.f4 gxf3 25.Rxd8 Rxd8 26.Qxf3 Bxe5 27.Qxh5 Bd4+ 28.Kh1 Rd5 29.Qf3 Re5 30.Bd1 Re3
31.Qa8+ Kg7  0-1

[Event "New York Open"]
[Site "New York USA"]
[Date "2000.05.07"]
[Round "5"]
[White "Sorensen,J"]
[Black "Goldin,A"]
[Result "0-1"]
[WhiteElo "2401"]
[BlackElo "2566"]

1.e4 c5 2.Nf3 e6 3.Nc3 a6 4.d4 cxd4 5.Nxd4 b5 6.Bd3 Qb6 7.Nb3 Qc7 8.O-O Nf6
9.f4 b4 10.Nb1 Bb7 11.Qe2 Be7 12.a3 a5 13.axb4 axb4 14.Rxa8 Bxa8 15.N1d2 Nc6
16.e5 Nd5 17.Nc4 f5 18.exf6 Nxf6 19.Be3 O-O 20.Nd4 Nxd4 21.Bxd4 Bc5 22.Bxc5 Qxc5+
23.Kh1 g6 24.Ne5 Qd4 25.c3 bxc3 26.bxc3 Qa7 27.Ng4 Qa3 28.Nxf6+ Rxf6 29.Qd2 Bc6
30.Be2 Rf5 31.Rb1 Qf8 32.Qe3 Rxf4 33.Qe5 Re4  0-1

[Event "New York Open"]
[Site "New York USA"]
[Date "2000.05.08"]
[Round "6"]
[White "Goldin,A"]
[Black "Grabliauskas,V"]
[Result "1/2-1/2"]
[WhiteElo "2566"]
[BlackElo "2463"]

1.Nf3 Nf6 2.c4 c5 3.Nc3 e6 4.g3 b6 5.Bg2 Bb7 6.O-O a6 7.b3 Be7 8.Bb2 O-O
9.d4 cxd4 10.Qxd4 d6 11.Rfd1 Qc7 12.h3 Nbd7 13.g4 Rfd8 14.g5 Ne8 15.h4 Nc5
16.Qg4 f5 17.Qh3 Bf8 18.Nd4 Bxg2 19.Qxg2 Qf7 20.e4 fxe4 21.Nxe4 Rac8 22.Qg4 Nxe4
23.Qxe4 Nc7 24.Qg4 Be7 25.Rd3 Rf8 26.Rf3 Qg6 27.Nc6 Qe8 28.Rxf8+ Bxf8 29.Nd4 Qf7
30.Rc1 Re8 31.h5 e5 32.g6 Qf6 33.gxh7+ Kxh7 34.Nf5 Ne6 35.Rc3 Qg5 36.Qxg5 Nxg5
37.f4 Nf7 38.Kg2 g6 39.hxg6+ Kxg6 40.Nh4+ Kh7 41.fxe5 dxe5 42.Rf3 Nh6 43.Rh3 b5
44.c5 b4 45.Bc1 Kg7 46.Rg3+ Kf7 47.c6 Ng8 48.Nf3 Nf6 49.Ng5+ Ke7 50.Re3 Kd6
51.Nf7+ Kxc6 52.Nxe5+ Kb7  1/2-1/2

[Event "World Open"]
[Site "Philadelphia USA"]
[Date "2000.07.29"]
[Round "2"]
[White "Karklins,A"]
[Black "Goldin,A"]
[Result "0-1"]
[WhiteElo "2317"]
[BlackElo "2566"]

1.e4 c5 2.Nf3 e6 3.d4 cxd4 4.Nxd4 a6 5.Nc3 b5 6.Bd3 Qb6 7.Nb3 Qc7 8.Qe2 Bb7
9.Bd2 b4 10.Nd1 Nf6 11.c3 Nc6 12.Rc1 a5 13.O-O Be7 14.f4 d6 15.cxb4 axb4
16.Bb5 O-O 17.Nf2 Rfc8 18.Rc2 Qb6 19.Be3 Qd8 20.Rfc1 Na5 21.Rxc8 Rxc8 22.Rxc8 Bxc8
23.Qc2 Bb7 24.Nd2 d5 25.exd5 Nxd5 26.Nf1 Nxe3 27.Nxe3 Qb6 28.Qd3 Bc5 29.Ned1 Nc6
30.Kf1 Nd4 31.Bc4 Qd6 32.g3 f5 33.Ne3 g6 34.h4 Kg7 35.Kg1 Nf3+ 36.Kf1 h5  0-1

[Event "World Open"]
[Site "Philadelphia USA"]
[Date "2000.07.29"]
[Round "2"]
[White "Karklins,A"]
[Black "Goldin,A"]
[Result "0-1"]
[WhiteElo "2317"]
[BlackElo "2566"]

1.e4 c5 2.Nf3 e6 3.d4 cxd4 4.Nxd4 a6 5.Nc3 b5 6.Bd3 Qb6 7.Nb3 Qc7 8.Qe2 Bb7
9.Bd2 b4 10.Nd1 Nf6 11.c3 Nc6 12.Rc1 a5 13.O-O Be7 14.f4 d6 15.cxb4 axb4
16.Bb5 O-O 17.Nf2 Rfc8 18.Rc2 Qb6 19.Be3 Qd8 20.Rfc1 Na5 21.Rxc8 Rxc8 22.Rxc8 Bxc8
23.Qc2 Bb7 24.Nd2 d5 25.exd5 Nxd5 26.Nf1 Nxe3 27.Nxe3 Qb6 28.Qd3 Bc5 29.Ned1 Nc6
30.Kf1 Nd4 31.Bc4 Qd6 32.g3 f5 33.Ne3 g6 34.h4 Qc6 35.Kg1 Nf3+ 36.Kf1 Bxe3
37.Qxe3 Qxc4+  0-1

[Event "World Open"]
[Site "Philadelphia USA"]
[Date "2000.07.30"]
[Round "3"]
[White "Goldin,A"]
[Black "Tegshsuren,E"]
[Result "1/2-1/2"]
[WhiteElo "2566"]
[BlackElo "2415"]

1.d4 Nf6 2.c4 e6 3.Nf3 Bb4+ 4.Bd2 Qe7 5.g3 Nc6 6.Nc3 Bxc3 7.Bxc3 Ne4 8.Qc2 Nxc3
9.Qxc3 O-O 10.Bg2 d6 11.d5 Nb8 12.dxe6 fxe6 13.O-O e5 14.c5 Nc6 15.Rac1 Kh8
16.Rfd1 Bg4 17.cxd6 cxd6 18.Qe3 Qf6 19.Rd2 Rad8 20.Rcd1 Rd7 21.h3 Bh5 22.Qg5 Qf7
23.g4 Bg6 24.Rxd6 Rxd6 25.Rxd6 e4 26.Nh4 Qxf2+ 27.Kh2 Nd4 28.Nxg6+ hxg6 29.Qxg6 Qf4+
30.Kh1 Qc1+ 31.Kh2  1/2-1/2

[Event "Governors Cup"]
[Site "Sioux Falls USA"]
[Date "2000.09.29"]
[Round "1"]
[White "Goldin,A"]
[Black "Kapstan,A"]
[Result "1-0"]
[WhiteElo "2575"]
[BlackElo "2170"]

1.d4 d5 2.c4 dxc4 3.Nf3 Nf6 4.e3 g6 5.Bxc4 Bg7 6.Nc3 O-O 7.O-O Nfd7 8.e4 Nb6
9.Bb3 Nc6 10.d5 Na5 11.Bg5 h6 12.Bf4 c6 13.dxc6 Nxc6 14.Qc1 Kh7 15.Rd1 Bd7
16.Qe3 Qc8 17.Rac1 e5 18.Bg3 Be6 19.Nd5 Re8 20.Nxb6 axb6 21.Qxb6 Ra6 22.Qe3 Qa8
23.a3 Kg8 24.Bxe6 Rxe6 25.Rd7 Ra4 26.Qb6 Rxe4 27.Rxc6  1-0

[Event "Governors Cup"]
[Site "Sioux Falls USA"]
[Date "2000.09.30"]
[Round "3"]
[White "Karklins,A"]
[Black "Goldin,A"]
[Result "0-1"]
[WhiteElo "2304"]
[BlackElo "2575"]

1.e4 c5 2.Nf3 e6 3.d4 cxd4 4.Nxd4 a6 5.Nc3 b5 6.a3 Bb7 7.b4 Nf6 8.Bd3 Qc7
9.Bb2 Nc6 10.Nb3 Nxb4 11.O-O Nxd3 12.cxd3 Be7 13.Rc1 Qd8 14.a4 b4 15.Ne2 O-O
16.a5 d5 17.e5 Nd7 18.Qd2 Rc8 19.Qe3 d4 20.Bxd4 Bd5 21.Rxc8 Qxc8 22.Nd2 Qb7
23.f3 Rc8 24.Rc1 Rxc1+ 25.Nxc1 Qc7 26.Nc4 Bxc4 27.dxc4 Qxc4 28.Nb3 h6 29.f4 Nb8
30.Bb6 Nc6 31.h3 Bf8 32.Kh2 Ne7 33.Nd2 Qc2 34.Nf3 Nd5 35.Qd4 b3 36.Ne1 Qe2
37.Nd3 Ba3 38.Qc4 b2 39.Qb3 Nc3 40.Nxb2 Bxb2 41.Bd4 Qd2  0-1

[Event "Governors Cup"]
[Site "Sioux Falls USA"]
[Date "2000.10.01"]
[Round "5"]
[White "Goldin,A"]
[Black "Valvo,M"]
[Result "1-0"]
[WhiteElo "2575"]
[BlackElo "2368"]

1.d4 Nf6 2.c4 a6 3.Nc3 c5 4.d5 b5 5.Qc2 b4 6.Nd1 g6 7.e4 d6 8.f4 Bg7 9.Nf3 O-O
10.Bd3 e6 11.O-O exd5 12.exd5 Bg4 13.f5 Nbd7 14.Bg5 Bxf3 15.Rxf3 Ne5 16.Rf1 Nxd3
17.Qxd3 h6 18.Bd2 g5 19.Nf2 Re8 20.Rae1 Rxe1 21.Rxe1 Nd7 22.h4 Ne5 23.Qe4 gxh4
24.b3 a5 25.Qf4 a4 26.Rf1 axb3 27.axb3 Ra3 28.Ne4 Rxb3 29.f6 Ng6 30.Qxd6 Qxd6
31.Nxd6 Bf8 32.Nf5 Kh7 33.Re1 Rd3 34.Bc1 Rc3 35.d6 Rd3 36.Be3 b3 37.Bxc5 Nf4
38.Be3 Ne6 39.c5 Rd5 40.Ne7 Re5 41.c6 b2 42.Kf2 Nc5 43.Rb1 Ne4+ 44.Kf3 Nxd6
45.Bf4 Re6 46.Bxd6 Rxd6 47.c7 Rxf6+ 48.Kg4 Bxe7 49.c8=Q Rg6+ 50.Kh3 Bf6 51.Qf5 Kg7
52.Rf1 Rg3+ 53.Kh2 Rg6 54.Rf3 Kg8 55.Rb3 Kg7 56.Rb7 Kg8 57.Qc8+ Kg7 58.Qe8  1-0

[Event "National Chess Congress"]
[Site "Philadelphia USA"]
[Date "2000.11.27"]
[Round "3"]
[White "Hoekstra,M"]
[Black "Goldin,A"]
[Result "1/2-1/2"]
[WhiteElo "2162"]
[BlackElo "2575"]

1.e4 c5 2.Nf3 e6 3.Nc3 a6 4.g3 b5 5.Bg2 Bb7 6.d3 d6 7.O-O Nd7 8.a4 b4 9.Nb1 Ngf6
10.Nbd2 Be7 11.b3 O-O 12.Nc4 d5 13.exd5 Nxd5 14.Bb2 Bf6 15.Bxf6 N7xf6 16.Qd2 Qc7
17.Rae1 Rad8 18.Qg5 Nd7 19.Qc1 Nb8 20.Nfe5 f6 21.Nf3 e5 22.Ne3 Nc3 23.Nd2 Nc6
24.Ne4 Nxe4 25.Bxe4 Nd4 26.Nc4 Bxe4 27.Rxe4 f5 28.Re3 f4 29.Re4 Qc8 30.Nxe5 f3
31.Kh1 Qh3 32.Rg1 Ne2 33.Rxe2 fxe2 34.f4 Rde8 35.Qa1 Rf5 36.d4 h5 37.Qe1 h4
38.Qxe2 hxg3 39.Rxg3 Qh6 40.Qc4+ Qe6 41.d5 Qd6 42.Rg6 Rf6 43.Rg4 g6 44.Qd3 Kg7
45.Kg2  1/2-1/2

[Event "National Chess Congress"]
[Site "Philadelphia USA"]
[Date "2000.11.28"]
[Round "5"]
[White "Stripunsky,A"]
[Black "Goldin,A"]
[Result "0-1"]
[WhiteElo "2469"]
[BlackElo "2575"]

1.e4 c5 2.Nf3 e6 3.d3 d5 4.Nbd2 Nc6 5.g3 Bd6 6.Bg2 Nge7 7.O-O O-O 8.Nh4 b5
9.f4 f5 10.exd5 exd5 11.Ndf3 h6 12.Re1 Qb6 13.Be3 d4 14.Bf2 Bd7 15.c3 Rae8
16.cxd4 cxd4 17.Rc1 a5 18.a3 a4 19.Rc2 Rd8 20.Qb1 Kh7 21.Rce2 Be8 22.Ne5 Bxe5
23.fxe5 Bh5 24.Bf3 Bxf3 25.Nxf3 Qc5 26.e6 Rd5 27.Qc1 Qd6 28.Qf4 Rf6 29.Qxd6 Rxd6
30.Ne5 Rfxe6 31.Nxc6 Rxe2 32.Nxe7 Rde6 33.Rxe2 Rxe2 34.Nc6 Rxb2 35.Bxd4 Rb3
36.Bc5 Rxd3 37.Bb4 g5 38.Kf2 Kg7 39.Na7 Rd5 40.Ke3 Kg6 41.Nc6 Rd1 42.Ne5+ Kf6
43.Nf3 Rb1 44.Bc3+ Kg6 45.Nd4 Rh1 46.Nxb5 Rxh2 47.Be5 h5 48.Nc3 h4 49.gxh4 Rxh4
50.Bd4 f4+ 51.Kd3 Kf5 52.Nxa4 Rh3+ 53.Ke2 Rxa3 54.Nc3 g4 55.Nd1 g3 56.Bc5 f3+
57.Ke1 Ra1 58.Kd2 Ra2+ 59.Ke1 Re2+  0-1

[Event "Open"]
[Site "Cappelle la Grande FRA"]
[Date "2001.02.26"]
[Round "4"]
[White "Belikov,V"]
[Black "Goldin,A"]
[Result "0-1"]
[WhiteElo "2502"]
[BlackElo "2595"]

1.e4 c5 2.Nf3 e6 3.d4 cxd4 4.Nxd4 a6 5.Bd3 Bc5 6.Nb3 Be7 7.Be3 d6 8.N1d2 Nd7
9.a4 Ngf6 10.a5 d5 11.O-O O-O 12.Re1 dxe4 13.Nxe4 Nd5 14.Bd2 Ne5 15.Bf1 Ng6
16.g3 Bd7 17.h4 Qc7 18.h5 Ne5 19.h6 Rfc8 20.c4 Nxc4 21.Rc1 Bb5 22.hxg7 Qd8
23.Bh6 Nxb2 24.Qd4 Bxf1 25.Kxf1 Bf6 26.Qd2 Nc4 27.Qe2 Nd6 28.Nec5 Qe8 29.Qf3 Nf5
30.Bd2 Bxg7 31.Kg2 Qe7 32.Rc4 h6 33.Rh1 Rc6 34.Rg4 Nf6 35.Rf4 Rac8 36.Bb4 Nd5
37.Rxf5 Nxb4 38.Rfh5 e5 39.Ne4 Rg6 40.Nbd2 Nc6 41.Nb3 Nd4 42.Nxd4 exd4 43.R1h4 Rd8
44.Nc5 Rg5 45.Nd3 Qc7 46.Rf4 Rxh5 47.Qxh5 Qc4 48.Qf3 Qd5 49.Rf5 Qxf3+ 50.Kxf3 Kf8
51.Nc5 Ke7 52.Ke4 d3 53.Nxd3 Rd4+ 54.Ke3 Ra4 55.Nf4 Bd4+ 56.Kd3 Bxf2 57.Nd5+ Ke6
58.Rxf2 Kxd5 59.Rxf7 Ra3+ 60.Kc2 Kc6 61.Rf6+ Kc7 62.Rf7+ Kb8 63.Rf8+ Ka7
64.Rf5 Rxg3 65.Rh5 Rg5 66.Rxh6 Rxa5 67.Kc3 Rg5 68.Kb4 Rg4+ 69.Kc5 b6+ 70.Kd5 a5
71.Rh8 Ka6 72.Kc6 Rc4+ 73.Kd5 Rc1 74.Kd4 a4 75.Rh5 b5 76.Rh8 Ka5 77.Kd3 Rc7
78.Kd2 a3 79.Kd3 Ka4 80.Kd4  0-1

[Event "Open"]
[Site "Cappelle la Grande FRA"]
[Date "2001.02.27"]
[Round "5"]
[White "Goldin,A"]
[Black "Lobzhanidze,D"]
[Result "1/2-1/2"]
[WhiteElo "2595"]
[BlackElo "2512"]

1.d4 d5 2.c4 c6 3.Nf3 Nf6 4.Nc3 a6 5.c5 Nbd7 6.Bf4 Nh5 7.Bd2 Nhf6 8.Qc2 g6
9.h3 Bg7 10.Bf4 O-O 11.e3 b6 12.cxb6 Qxb6 13.Nd2 c5 14.Na4 Qa5 15.Nxc5 Nxc5
16.Qxc5 Qxd2+ 17.Kxd2 Ne4+ 18.Ke2 Nxc5 19.dxc5 Bd7 20.Rd1 Bxb2 21.Rxd5 Ba4  1/2-1/2

[Event "Open"]
[Site "Cappelle la Grande FRA"]
[Date "2001.03.02"]
[Round "8"]
[White "Murey,J"]
[Black "Goldin,A"]
[Result "1/2-1/2"]
[WhiteElo "2528"]
[BlackElo "2595"]

1.d4 Nf6 2.c4 e6 3.Nf3 d5 4.Nc3 Be7 5.Bg5 h6 6.Bh4 O-O 7.e3 b6 8.Bd3 Bb7
9.Bxf6 Bxf6 10.cxd5 exd5 11.O-O c5 12.Rc1 Re8 13.Bb5 Re6 14.dxc5 bxc5 15.Na4 c4
16.Nd4 Bxd4 17.Qxd4 Bc6 18.Bxc6 Nxc6 19.Qd2 Ne5 20.Nc5 Rc6 21.b4 a5 22.a3 axb4
23.axb4 Rb8 24.Rfd1 Rd6 25.Ne4 Rd7 26.Nc5 Rd6 27.Ne4 Rd7  1/2-1/2

[Event "Open"]
[Site "Cappelle la Grande FRA"]
[Date "2001.03.03"]
[Round "9"]
[White "Goldin,A"]
[Black "Chuchelov,V"]
[Result "0-1"]
[WhiteElo "2595"]
[BlackElo "2539"]

1.d4 Nf6 2.c4 e6 3.Nf3 b6 4.a3 Ba6 5.Qc2 Bb7 6.Nc3 c5 7.e4 cxd4 8.Nxd4 Nc6
9.Nxc6 Bxc6 10.Be2 Qc7 11.f4 Bc5 12.b4 Bd4 13.e5 Nd5 14.Ne4 Nxf4 15.Nd6+ Qxd6
16.exd6 Nxg2+ 17.Kd2 Bxa1 18.Bb2 Bxb2 19.Qxb2 O-O 20.Rg1 f6 21.Qc3 Nh4 22.b5 Bb7
23.c5 bxc5 24.Qxc5 Ng6 25.Qc7 Bd5 26.Rc1 Ne5 27.Qa5 f5 28.Rc7 f4 29.Qc3 Rf5
30.a4 f3 31.Bf1 f2 32.Kc1 Rg5 33.Rc8+ Kf7 34.Rxa8 Rg1 35.Qh3 Bxa8 36.Kd2 Be4
37.Ke3 Bd3 38.Qh5+ Kf6 39.Bh3 f1=Q 40.Bxf1 Rxf1 41.Kd2 Rf4 42.Qd1 Bxb5  0-1

[Event "Foxwoods Open"]
[Site "Connecticut USA"]
[Date "2001.04.12"]
[Round "1"]
[White "Goldin,A"]
[Black "Fang,J"]
[Result "1-0"]
[WhiteElo "2599"]
[BlackElo "2319"]

1.d4 Nf6 2.c4 c5 3.d5 e6 4.Nc3 exd5 5.cxd5 d6 6.Nf3 g6 7.Nd2 Nbd7 8.e4 Bg7
9.Be2 O-O 10.O-O a6 11.a4 Re8 12.Kh1 Ne5 13.h3 g5 14.Ra3 Ng6 15.Nf3 h6 16.Qc2 Qe7
17.Re1 g4 18.hxg4 Nxg4 19.Kg1 Rb8 20.g3 Bd7 21.a5 Qf6 22.Nd1 b5 23.axb6 Rxb6
24.Nd2 N4e5 25.Ne3 Bc8 26.Ndc4 Rb4 27.Bd2 Nxc4 28.Nxc4 Rb7 29.Bc3 Qe7 30.Bxg7 Kxg7
31.Qc3+ Kh7 32.Rxa6 Rb4 33.Raa1 f5 34.exf5  1-0

[Event "Foxwoods Open"]
[Site "Connecticut USA"]
[Date "2001.04.13"]
[Round "2"]
[White "Mac Intyre,P"]
[Black "Goldin,A"]
[Result "1/2-1/2"]
[WhiteElo "2283"]
[BlackElo "2599"]

1.e4 c5 2.Nf3 e6 3.d3 Nc6 4.g3 d5 5.Nbd2 Bd6 6.Bg2 Nge7 7.O-O O-O 8.Nh4 b5
9.f4 f5 10.Ndf3 h6 11.Re1 Rb8 12.Be3 d4 13.Bf2 Bc7 14.Kh1 e5 15.exf5 exf4
16.g4 Rb6 17.c3 Kh7 18.Qe2 Nd5 19.Ng6 Ne3 20.Nxf8+ Qxf8 21.Bxe3 fxe3 22.cxd4 cxd4
23.Nh4 Qf6 24.Ng6 Bb7 25.Be4 Ne5 26.Bxb7 Rxb7 27.Nxe5 Bxe5 28.Rac1 Qh4 29.Qg2 Re7
30.Rc2 Qg5 31.Rc8 Qf4 32.Rcc1 Bd6 33.Re2 a5 34.Ree1 a4 35.Qg3 Qxg3 36.hxg3 Bxg3
37.Re2 Re5 38.Kg2 Bf2 39.Kf3 Re7 40.Rc5 b4 41.Rc4 g6 42.fxg6+ Kxg6 43.Rxd4 b3
44.axb3 axb3 45.Rf4 Rd7 46.Rxe3 Bxe3 47.Kxe3 Kg5 48.Rb4 Rf7 49.Re4  1/2-1/2

[Event "Foxwoods Open"]
[Site "Connecticut USA"]
[Date "2001.04.14"]
[Round "4"]
[White "Goldin,A"]
[Black "Fishbein,A"]
[Result "1-0"]
[WhiteElo "2599"]
[BlackElo "2504"]

1.d4 Nf6 2.Nf3 g6 3.c4 Bg7 4.Nc3 O-O 5.Bg5 d6 6.e3 a6 7.Be2 c6 8.O-O b5 9.Nd2 Be6
10.Rc1 Nbd7 11.Bf3 bxc4 12.Bxc6 Rc8 13.Bb7 Rc7 14.Bxa6 Qa8 15.Bb5 Nb6 16.e4 d5
17.e5 Ne4 18.Ndxe4 dxe4 19.Qe2 h6 20.Be3 Nd5 21.Nxd5 Qxd5 22.a4 Rfc8 23.Rc3 f6
24.exf6 exf6 25.Rfc1 f5 26.b3 Qd6 27.Bxc4 Bxc4 28.Rxc4 Rxc4 29.Rxc4 Rb8 30.Qc2 f4
31.Bd2 Re8 32.Rc6 Qf8 33.Rxg6 e3 34.Be1 Qa3 35.fxe3 fxe3 36.h3 Qa1 37.Qc7 Qxd4
38.Bc3 e2+ 39.Bxd4 e1=Q+ 40.Kh2 Re7 41.Rxg7+  1-0

[Event "29th World Open"]
[Site "Philadelphia USA"]
[Date "2001.07.05"]
[Round "3"]
[White "Bonin,J"]
[Black "Goldin,A"]
[Result "0-1"]
[WhiteElo "2381"]
[BlackElo "2599"]


1.d4 Nf6 2.c4 e6 3.Nf3 b6 4.g3 Ba6 5.Nbd2 Bb7 6.Bg2 c5 7.e4 cxd4 8.Nxd4 Bc5
9.N4b3 Be7 10.O-O Qc7 11.Re1 d6 12.Nd4 Nbd7 13.b3 a6 14.Bb2 O-O 15.Rc1 Rac8
16.Nb1 Qb8 17.Nc3 Rfe8 18.f4 Bf8 19.f5 exf5 20.Nxf5 g6 21.Ne3 Bg7 22.Qd2 Bxe4
23.Ba3 Nc5 24.b4 Ncd7 25.b5 Bxg2 26.Bxd6 Qa8 27.Qxg2 axb5 28.Qxa8 Rxa8 29.cxb5 Ne5
30.Bxe5 Rxe5 31.Rcd1 Bf8 32.Nc4 Rxe1+ 33.Rxe1 Rc8 34.Ne4 Nxe4 35.Rxe4 f5
36.Rf4 g5 37.Nxb6 Rc1+ 38.Rf1 Bc5+ 39.Kg2 Rxf1 40.Kxf1 Bxb6  0-1

[Event "29th World Open"]
[Site "Philadelphia USA"]
[Date "2001.07.06"]
[Round "4"]
[White "Goldin,A"]
[Black "Benjamin,Joe"]
[Result "1/2-1/2"]
[WhiteElo "2599"]
[BlackElo "2581"]

1.d4 Nf6 2.c4 e6 3.Nf3 Bb4+ 4.Nbd2 d6 5.a3 Bxd2+ 6.Qxd2 Nbd7 7.b4 a5 8.Bb2 axb4
9.axb4 Rxa1+ 10.Bxa1 b5 11.cxb5 Bb7 12.e3 Qa8 13.Qd1 Qa3 14.Be2 Qxb4+ 15.Nd2 Nd5
16.f3 Nc3 17.g4  1/2-1/2

[Event "29th World Open"]
[Site "Philadelphia USA"]
[Date "2001.07.07"]
[Round "6"]
[White "Goldin,A"]
[Black "Gruenfeld,Y"]
[Result "1/2-1/2"]
[WhiteElo "2599"]
[BlackElo "2520"]

1.d4 Nf6 2.Nf3 e6 3.c4 b6 4.g3 Bb7 5.Bg2 Be7 6.O-O O-O 7.Nc3 Ne4 8.Bd2 f5
9.d5 Bf6 10.Rc1 c6 11.dxe6 Nxd2 12.Qxd2 dxe6 13.Qe3 Qe7 14.Ne5 Qc7 15.Nd3 e5
16.c5 Nd7 17.cxb6 Qxb6 18.Qd2 Rad8 19.Na4 Qb5 20.Qc2 e4 21.Nf4 Rfe8 22.Rfd1 Ne5
23.Rxd8 Bxd8 24.b4 Nf7 25.Nc5 Bc8 26.Qb3 a5 27.a3 axb4 28.axb4 g5 29.Nfe6 Bxe6
30.Nxe6 Qd5 31.Qxd5 cxd5 32.Nd4 f4 33.Rc5 Bb6 34.Rxd5 e3 35.f3 Rd8 36.Rxd8+ Nxd8
37.Nc2 Nc6 38.Kf1 Kf7 39.Bh3 Ke7 40.Bf5 h6 41.gxf4 gxf4 42.Be4 Nd4 43.Ne1 Bc7
44.Bd3 Bd6 45.b5 Bc7 46.Bc4 Kd6 47.Nd3 Bb8 48.Bg8 Nxb5 49.Nxf4 Nc3 50.Ng6 Kc5
51.h4 Kd4 52.Bb3 Bc7 53.h5 Bd6 54.Nh8 Bf4 55.Nf7 Kc5 56.Nd8 Kd6 57.Ne6 Ke5
58.Nc5 Kf6 59.Bc2 Bd6 60.Nb3 Nd5 61.Nd4 Nf4 62.Nf5  1/2-1/2

[Event "29th World Open"]
[Site "Philadelphia USA"]
[Date "2001.07.07"]
[Round "7"]
[White "Goldin,A"]
[Black "Doettling,F"]
[Result "1/2-1/2"]
[WhiteElo "2599"]
[BlackElo "2509"]

1.d4 d5 2.Nf3 Nf6 3.c4 e6 4.Nc3 Be7 5.Bg5 O-O 6.e3 Nbd7 7.Rc1 a6 8.c5 c6
9.Bd3 e5 10.dxe5 Ne8 11.Bf4 Nxc5 12.Bb1 Bg4 13.h3 Bh5 14.g4 Bg6 15.Bf5 f6
16.e6 Nd6 17.Bxg6 hxg6 18.Ne5 Nde4 19.Nxe4  1/2-1/2

[Event "Continental Open"]
[Site "Las Vegas USA"]
[Date "2001.07.26"]
[Round "1"]
[White "Anderson,R"]
[Black "Goldin,A"]
[Result "0-1"]
[WhiteElo "2268"]
[BlackElo "2594"]

1.e4 c5 2.Nf3 e6 3.d4 cxd4 4.Nxd4 a6 5.Nc3 b5 6.Bd3 Qb6 7.Be3 Bc5 8.Nce2 Nf6
9.h3 Bb7 10.O-O Qc7 11.Nc3 d6 12.a3 Nbd7 13.Kh1 O-O 14.Re1 Rac8 15.Nb3 Bxe3
16.Rxe3 Rfd8 17.Qe2 Ne5 18.Rf1 d5 19.exd5 Nxd3 20.cxd3 Nxd5 21.Nxd5 Bxd5
22.Nd2 Qc2 23.Ne4 Bxe4 24.dxe4 Rd2 25.Qf3 Qxb2 26.e5 h6 27.Kg1 Rd5 28.Rfe1 Rc1
29.Rxc1 Qxc1+ 30.Kh2 Qc7 31.Qg3 a5 32.f4 b4 33.axb4 axb4 34.h4 Rd1 35.Qf3 Rd4
36.Kg3 Rc4 37.h5 Qc8 38.Kh2 Rc3 39.Qe4 Rxe3 40.Qxe3 Qc2  0-1

[Event "Continental Open"]
[Site "Las Vegas USA"]
[Date "2001.07.27"]
[Round "2"]
[White "Goldin,A"]
[Black "Hummel,P"]
[Result "1-0"]
[WhiteElo "2594"]
[BlackElo "2349"]

1.d4 Nf6 2.Nf3 e6 3.c4 b6 4.g3 Ba6 5.b3 Bb4+ 6.Bd2 Be7 7.Bg2 c6 8.O-O d5
9.Qc2 O-O 10.Rd1 Nbd7 11.Bf4 Rc8 12.Nc3 b5 13.c5 Bb7 14.e4 Nxe4 15.Nxe4 dxe4
16.Qxe4 Nf6 17.Qc2 Nd5 18.Bd2 Qc7 19.h4 Rcd8 20.Re1 Bf6 21.Re4 Bc8 22.Rae1 g6
23.h5 Kh8 24.hxg6 hxg6 25.Ne5 Rg8 26.Qc1 Rg7 27.Bg5 Rh7 28.Rh4 Bxg5 29.Qxg5 Rg8
30.Bxd5 cxd5 31.Rxh7+ Kxh7 32.Ng4  1-0

[Event "Continental Open"]
[Site "Las Vegas USA"]
[Date "2001.07.27"]
[Round "3"]
[White "Anka,E"]
[Black "Goldin,A"]
[Result "1/2-1/2"]
[WhiteElo "2390"]
[BlackElo "2594"]

1.e4 c5 2.Nf3 Nc6 3.d4 cxd4 4.Nxd4 Qb6 5.Nb3 Nf6 6.Nc3 e6 7.Qe2 Bb4 8.Bd2 O-O
9.a3 Be7 10.e5 Nd5 11.Nxd5 exd5 12.O-O-O d6 13.exd6 Bxd6 14.Bc3 Bf5 15.Rxd5 Rfe8
16.Qd2 Be5 17.Bb5 Rad8 18.Bxc6 bxc6 19.Rxd8 Rxd8 20.Qg5 Bxc3 21.Qxf5 Bf6
22.Re1 h6 23.Qc5 Qc7 24.g3 Rd5 25.Re8+ Kh7 26.Qe3 Qd7 27.c3 g6 28.Qe2 h5
29.h4 Kg7 30.Re3 Bd8 31.Nd2 Bb6 32.Re4 Qh3 33.Rf4 Bc7 34.Re4 Bb6 35.Qf3 Qd7
36.Nc4 Bxf2 37.Ne5 Qf5 38.Rf4 Be3+ 39.Qxe3 Qxe5 40.Qxe5+ Rxe5 41.Kd2 g5 42.Ra4 gxh4
43.gxh4 Re7 44.Ra6 Re4 45.Rxc6 Rxh4 46.Ke3 Rh2 47.b4 h4 48.Kf3  1/2-1/2

[Event "Continental Open"]
[Site "Las Vegas USA"]
[Date "2001.07.28"]
[Round "4"]
[White "Goldin,A"]
[Black "Gufeld,E"]
[Result "1-0"]
[WhiteElo "2594"]
[BlackElo "2466"]

1.d4 Nf6 2.c4 g6 3.Nf3 Bg7 4.Nc3 O-O 5.Bg5 c5 6.d5 d6 7.e4 e6 8.Nd2 h6 9.Bh4 Na6
10.Be2 e5 11.O-O Qd7 12.a3 Ne8 13.Kh1 f5 14.exf5 gxf5 15.f4 exf4 16.Rxf4 Be5
17.Rf1 Ng7 18.Nf3 Bf6 19.Qd2 Kh7 20.Bd3 Bxh4 21.Nxh4 Qd8 22.Rf4 Bd7 23.Raf1 Qg5
24.Nf3 Qg6 25.g4 Kh8 26.gxf5 Bxf5 27.Nh4 Qg5 28.Nxf5 Nxf5 29.Qf2  1-0

[Event "Continental Open"]
[Site "Las Vegas USA"]
[Date "2001.07.29"]
[Round "5"]
[White "Atalik,S"]
[Black "Goldin,A"]
[Result "0-1"]
[WhiteElo "2532"]
[BlackElo "2594"]

1.d4 Nf6 2.c4 e6 3.Nf3 b6 4.g3 Ba6 5.b3 Bb4+ 6.Bd2 Be7 7.Bg2 c6 8.Bc3 d5
9.Nbd2 Nbd7 10.O-O O-O 11.Re1 Bb7 12.e4 Rc8 13.Rc1 h6 14.e5 Ne8 15.cxd5 cxd5
16.Bf1 Nc7 17.Bb2 Nb8 18.Bd3 Ba6 19.Bb1 Nb5 20.Nf1 Na3 21.Bd3 Qd7 22.Qe2 Bxd3
23.Qxd3 Nc6 24.Ne3 a5 25.Ng4 Rfe8 26.Qd2 Kh7 27.Qf4 Bb4 28.Re2 Qe7 29.h4 Nb8
30.Kg2 Nd7 31.Rh1 Kg8 32.Bc1 Nb5 33.Nxh6+ gxh6 34.Qxh6 f6 35.h5 Qh7 36.Qf4 Qf5
37.Qh4 Nc3 38.g4 Qh7 39.Re3 Ne4 40.exf6 Ndxf6 41.Re2 Nd7 42.Be3 Rf8 43.Ng5 Nxg5
44.Qxg5+ Kh8 45.Qh6 Rc6 46.Qxh7+ Kxh7 47.g5 Kg7 48.Rc1 Rxc1 49.Bxc1 Rc8 50.Bf4 Kf7
51.Kh3 Ba3 52.Kg4 Bc1 53.Bd6 Rc6 54.Bg3 Ba3 55.f4 Nf8 56.f5 exf5+ 57.Kxf5 Rc3
58.g6+ Kg8 59.Be5 Rf3+ 60.Kg4 Rf1 61.Bg3 Rg1 62.Kf3 Rf1+ 63.Kg2 Rf5 64.Re5 Rxe5
65.Bxe5 Nd7 66.Bf4 Bb2 67.Kf3 Bxd4 68.h6 Ne5+ 69.Bxe5 Bxe5 70.Ke3 Kf8 71.Kd3 Ke7
72.g7 Kf7 73.Ke3 Bb2 74.Kd3 Bc1 75.Kd4 Bxh6 76.Kxd5 Bxg7  0-1

[Event "I American Continental"]
[Site "Cali COL"]
[Date "2001.08.10"]
[Round "1"]
[White "Vasquez Ramirez,R"]
[Black "Goldin,A"]
[Result "0-1"]
[WhiteElo "2231"]
[BlackElo "2594"]

1.e4 c5 2.Nf3 e6 3.d4 cxd4 4.Nxd4 a6 5.c4 Nf6 6.Bd3 Nc6 7.Be3 Ne5 8.h3 Bb4+
9.Nc3 Qc7 10.Qe2 b5 11.c5 Bb7 12.f3 Nxd3+ 13.Qxd3 Bxc5 14.Rc1 Qd6 15.Rd1 Rc8
16.f4 Qb8 17.a3 O-O 18.O-O d6 19.f5 e5 20.Nb3 Bxe3+ 21.Qxe3 Ba8 22.g4 h6
23.Nd5 Nxd5 24.exd5 Rc2 25.Na5 Qc7 26.b4 Rc3 27.Rc1 Rxe3 28.Rxc7 Rxh3  0-1

[Event "I American Continental"]
[Site "Cali COL"]
[Date "2001.08.11"]
[Round "2"]
[White "Goldin,A"]
[Black "Mera Cedeno,A"]
[Result "1-0"]
[WhiteElo "2594"]
[BlackElo "2385"]

1.d4 Nf6 2.c4 g6 3.Nc3 Bg7 4.Nf3 O-O 5.Bg5 c5 6.d5 d6 7.Nd2 h6 8.Bh4 g5 9.Bg3 Nh5
10.e3 Nxg3 11.hxg3 Bf5 12.g4 Bg6 13.g3 Na6 14.a3 e6 15.Bg2 Nc7 16.dxe6 fxe6
17.Nde4 Ne8 18.Qb3 a6 19.Rd1 Qc7 20.Rd2 Rb8 21.a4 Qa5 22.O-O b5 23.cxb5 c4
24.Qd1 axb5 25.Nxb5 d5 26.Nc5 Bd3 27.Nxd3 cxd3 28.b3 Nf6 29.Rxd3 Qb4 30.Nd4 Rb6
31.Qc2 Nxg4 32.Nxe6 Rxe6 33.Bxd5 Re8 34.Bxe6+ Rxe6 35.Qc8+ Kf7 36.Rd7+ Kf6
37.Rxg7 Ne5 38.Rh7 Nf3+ 39.Kh1  1-0

[Event "I American Continental"]
[Site "Cali COL"]
[Date "2001.08.12"]
[Round "3"]
[White "Garcia,Gild"]
[Black "Goldin,A"]
[Result "0-1"]
[WhiteElo "2490"]
[BlackElo "2594"]

1.e4 c5 2.Nf3 e6 3.d4 cxd4 4.Nxd4 a6 5.Bd3 Nf6 6.O-O Qc7 7.Nc3 Nc6 8.Be3 b5
9.Kh1 Bb7 10.Nxc6 Bxc6 11.a3 Qb7 12.Qf3 Be7 13.Qg3 h5 14.f3 h4 15.Qxg7 O-O-O
16.Bc5 Nh5 17.Qd4 d6 18.Bb6 e5 19.Qe3 Ng3+ 20.Kg1 Nxf1 21.Kxf1 Rdf8 22.a4 b4
23.Nd5 Bxd5 24.exd5 Bg5 25.Qf2 f5 26.Re1 Bf4 27.Bc4 h3  0-1

[Event "I American Continental"]
[Site "Cali COL"]
[Date "2001.08.13"]
[Round "4"]
[White "Goldin,A"]
[Black "Morovic Fernandez,I"]
[Result "1-0"]
[WhiteElo "2594"]
[BlackElo "2565"]

1.d4 d5 2.c4 c6 3.Nf3 Nf6 4.e3 e6 5.Bd3 Nbd7 6.O-O dxc4 7.Bxc4 b5 8.Bd3 Bd6
9.a4 bxa4 10.e4 Be7 11.Nc3 Bb7 12.Nxa4 c5 13.Nxc5 Nxc5 14.dxc5 Bxc5 15.b4 Bb6
16.Qa4+ Kf8 17.Rd1 Qc7 18.b5 Rd8 19.Bg5 h6 20.Bh4 g5 21.Bg3 Qe7 22.Be5 Rg8
23.Bc3 g4 24.Bb4 Bc5 25.Bxc5 Qxc5 26.Rac1 Qb6 27.Ne5 Kg7 28.Nc4 Qd4 29.Bb1 Qc5
30.Nd6 Qb6 31.e5 Nd7 32.Qf4 f5 33.Nxf5+ exf5 34.Qxf5 Nc5 35.Qh7+ Kf8 36.Ba2  1-0

[Event "I American Continental"]
[Site "Cali COL"]
[Date "2001.08.14"]
[Round "5"]
[White "Campora,D"]
[Black "Goldin,A"]
[Result "0-1"]
[WhiteElo "2506"]
[BlackElo "2594"]

1.e4 c5 2.Nf3 Nc6 3.Bb5 g6 4.Bxc6 dxc6 5.d3 Bg7 6.Nc3 b6 7.O-O Nh6 8.Bf4 f6
9.h3 e5 10.Bd2 Nf7 11.Nh2 O-O 12.f4 c4 13.dxc4 Qd4+ 14.Kh1 exf4 15.Bxf4 Qxc4
16.Qd3 Qxd3 17.cxd3 Ba6 18.Rfd1 Ne5 19.Bxe5 fxe5 20.a4 Rad8 21.b4 Bxd3 22.b5 c5
23.a5 c4 24.axb6 axb6 25.Ra6 Bxe4 26.Rxd8 Rxd8 27.Rxb6 Ba8 28.Ng4 e4 29.Nf6+ Kf7
30.Nfxe4 Be5  0-1